Airlines Tail Logos #1 - Statistics

General Stats
  • This quiz has been taken 182 times
  • The average score is 11 of 16
Answer Stats
Picture Answer % Correct
American Airlines
99%
Air Canada
88%
Lufthansa
88%
Japan Airlines
85%
Ryannair
85%
British Airways
75%
Aer Lingus
72%
Air France
72%
Air China
70%
Turkish Airlines
70%
United Airlines
70%
Hawaiian Airlines
67%
Singapore Airlines
63%
Aero Mexico
57%
Frontier Airlines
44%
Philippine Airlines
27%
No matching quizzes found
Score Distribution
Percent of People with Each Score
Percentile by Number Answered
Your Score History
You have not taken this quiz